000
00331nam a2200157Ia 4500
100
_a
Schildt Herbert
650
_a
C#
942
_c
BK
366
_f
25
245
_a
Complete Reference:C#4.0
260
_b
Tata Mc Graw hill Ltd.
_c
2010
082
_a
5.133
_b
SCH
300
_a
949
546
_a
ENGLISH
_c
Computers
999
_c
26656
_d
26656